| 000 | 00620nam a22001937a 4500 | ||
|---|---|---|---|
| 003 | NUST-PNEC | ||
| 005 | 20170116180850.0 | ||
| 008 | 140430b xxu||||| |||| 00| 0 eng d | ||
| 020 | _a9788179928004 | ||
| 040 | _cPNEC | ||
| 082 | _a621.43 THI | ||
| 100 |
_968 _aThipse, S.S |
||
| 245 |
_aInternal combustion engines _cS.S Thipse |
||
| 260 |
_aDelhi _bJaico publishing _cc.2008. |
||
| 300 |
_ax, 777 p. : _bill. : _c24 cm. |
||
| 500 | _ahttp://www.amazon.com/Internal-Combustion-Engines-S-Thipse/dp/8179928004/ref=sr_1_1?s=books&ie=UTF8&qid=1398842497&sr=1-1&keywords=9788179928004 | ||
| 650 | _xME | ||
| 942 |
_2ddc _cBK |
||
| 999 |
_c64578 _d64578 |
||